| 000 | 00473nam a2200169Ia 4500 | ||
|---|---|---|---|
| 005 | 20250508155117.0 | ||
| 008 | 008 250505s9999 xx 000 0 eng d | ||
| 037 | _aTextual | ||
| 040 |
_aFEDL _beng _cFEDL |
||
| 041 |
_aeng _2eng |
||
| 084 |
_a954.04, DEL _qFEDL |
||
| 245 | 0 | _aIndia's fight for territorial integrity | |
| 260 |
_aDelhi, India _bPublications Division _c1963 |
||
| 300 | _a36p. | ||
| 942 |
_cTEXL _h954.04, DEL |
||
| 999 |
_c1354315 _d1354315 |
||